Management : (Record no. 8397)
[ view plain ]
| 000 -LEADER | |
|---|---|
| fixed length control field | 00892nac a22002291u 4500 |
| 008 - FIXED-LENGTH DATA ELEMENTS--GENERAL INFORMATION | |
| fixed length control field | 090331t xxu||||| |||| 00| 0 eng d |
| 010 ## - LIBRARY OF CONGRESS CONTROL NUMBER | |
| LC control number | 2006044888 |
| 020 ## - INTERNATIONAL STANDARD BOOK NUMBER | |
| International Standard Book Number | 9780073530147 (alk. paper) |
| 020 ## - INTERNATIONAL STANDARD BOOK NUMBER | |
| International Standard Book Number | 007353014X (alk. paper) |
| 082 00 - DEWEY DECIMAL CLASSIFICATION NUMBER | |
| Classification number | 658 |
| Item number | RUE |
| 100 ## - MAIN ENTRY--PERSONAL NAME | |
| Personal name | Rue, Leslie W. |
| 9 (RLIN) | 2967 |
| 245 10 - TITLE STATEMENT | |
| Title | Management : |
| Remainder of title | Skills and Application / |
| Statement of responsibility, etc | Leslie W. Rue, Lloyd L. Byars. |
| 250 ## - EDITION STATEMENT | |
| Edition statement | 12th ed. |
| 260 ## - PUBLICATION, DISTRIBUTION, ETC. (IMPRINT) | |
| Place of publication, distribution, etc | Boston, Mass. : |
| Name of publisher, distributor, etc | McGraw-Hill , |
| Date of publication, distribution, etc | c2007. |
| 300 ## - PHYSICAL DESCRIPTION | |
| Extent | xv, 496 p. : |
| Other physical details | ill. (some col.) ; |
| Dimensions | 26 cm. |
| 504 ## - BIBLIOGRAPHY, ETC. NOTE | |
| Bibliography, etc | Includes bibliographical references and index. |
| 650 #0 - SUBJECT ADDED ENTRY--TOPICAL TERM | |
| Topical term or geographic name as entry element | Management. |
| 9 (RLIN) | 2968 |
| 700 1# - ADDED ENTRY--PERSONAL NAME | |
| Personal name | Byars, Lloyd L. |
| 9 (RLIN) | 2969 |
| 856 41 - ELECTRONIC LOCATION AND ACCESS | |
| Materials specified | Table of contents only |
| Uniform Resource Identifier | <a href="http://www.loc.gov/catdir/enhancements/fy0661/2006044888-t.html">http://www.loc.gov/catdir/enhancements/fy0661/2006044888-t.html</a> |
| 856 41 - ELECTRONIC LOCATION AND ACCESS | |
| Materials specified | Publisher description |
| Uniform Resource Identifier | <a href="http://www.loc.gov/catdir/enhancements/fy0661/2006044888-d.html">http://www.loc.gov/catdir/enhancements/fy0661/2006044888-d.html</a> |
| 942 ## - ADDED ENTRY ELEMENTS (KOHA) | |
| Item type | Book - Borrowing |
| Call number prefix | 658 RUE |
| Source of classification or shelving scheme | Dewey Decimal Classification |
| Withdrawn status | Item status | Source of classification or shelving scheme | Damaged status | Not for loan | Vendor | Home library | Current library | Shelving location | Date acquired | Source of acquisition | Total Checkouts | Total Renewals | Full call number | Barcode | Date last seen | Date last borrowed | Koha item type | Cost, normal purchase price | Serial Enumeration / chronology |
|---|---|---|---|---|---|---|---|---|---|---|---|---|---|---|---|---|---|---|---|
| Dewey Decimal Classification | Alahram | Central Library | Central Library | First floor | 06/03/2008 | 4 | 3 | 658 RUE | 000010170 | 15/07/2025 | 23/02/2020 | Book - Borrowing | |||||||
| Dewey Decimal Classification | Alahram | Central Library | Central Library | First floor | 31/03/2009 | 1 | 658 RUE | 000015746 | 15/07/2025 | 22/05/2011 | Book - Borrowing | 296.00 | 349 |